000 00769cam a2200229 a 4500
001 1182290
005 20171218083953.0
008 970829s1997 dcua b 001 0 eng
010 _a 97037315
020 _a1557984689 (alk. paper)
040 _aDLC
_cDLC
_dDLC
041 _aeng
080 _a616.86 MAR
082 0 0 _a616.86 MAR
_221
100 _a48
101 _aPSI
245 0 0 _aAddictive behaviors :
_cedited by G. Alan Marlatt and Gary R. VandenBos.
504 _aIncludes bibliographical references and indexes.
906 _a7
_bcbc
_corignew
_d1
_eocip
_f19
_gy-gencatlg
942 _2ddc
_cBK
999 _c39112
_d39112